| 000 | 00361nam a22001217a 4500 | ||
|---|---|---|---|
| 082 |
_a387.7 _bROL |
||
| 245 | _aRole of Air transpoitation in Sparsely Developed Areas | ||
| 260 |
_aWashington D. C _bU.S. Departatment of Transportation _c1973 |
||
| 300 |
_a161 P. : _c28 CM |
||
| 526 |
_a0 _b0 _c0 _d387_700000000000000_ROL |
||
| 650 |
_aMCE _9379 |
||
| 942 |
_2ddc _cBK |
||
| 999 |
_c543024 _d543024 |
||